| 000 | 00566nam a22001695i 4500 | ||
|---|---|---|---|
| 001 | 54837 | ||
| 003 | ES-MaACL | ||
| 005 | 20230906163030.0 | ||
| 007 | t| | ||
| 008 | 960731s1886 fr ||||1| fre d | ||
| 040 |
_aCAM _bspa _cCAM |
||
| 100 | 1 |
_aGalopin, Augustin. _953666 |
|
| 245 | 1 | 0 |
_aExcursions du Petit Poucet dans le corps humain et dans les animaux _b: physiologie, hygiène, médecine et chirurgie usuelles / _cpar Augustin Galopin. |
| 260 |
_aParis : _bE. Dentu, _c1886 ( _ftyp. Noizette) |
||
| 300 |
_a[4], 408 p. ; _c20 cm. |
||
| 852 |
_aES-MaACL _jD-2893 |
||
| 999 |
_c54837 _d54837 |
||